书目信息 |
| 题名: |
二三十岁, 开间幸福小店
|
|
| 作者: | 梁龙蜀 著 | |
| 分册: | ||
| 出版信息: | 成都 四川人民出版社 2020.05 |
|
| 页数: | 281页 | |
| 开本: | 21cm | |
| 丛书名: | 17幸福8 | |
| 单 册: | ||
| 中图分类: | I267.1 | |
| 科图分类: | ||
| 主题词: | 随笔--sui bi--作品集--中国--当代 | |
| 电子资源: | ||
| ISBN: | 978-7-220-11831-9 | |
| 000 | 01058nam 2200277 450 | |
| 001 | 202020139791 | |
| 005 | 20200926181351.0 | |
| 010 | @a978-7-220-11831-9@dCNY58.00 | |
| 100 | @a20200917d2020 em y0chiy50 ea | |
| 101 | 0 | @achi |
| 102 | @aCN@b510000 | |
| 105 | @aa z 000cy | |
| 106 | @ar | |
| 200 | 1 | @a二三十岁, 开间幸福小店@Aer san shi sui , kai jian xing fu xiao dian@f梁龙蜀著 |
| 210 | @a成都@c四川人民出版社@d2020.05 | |
| 215 | @a281页@c彩图@d21cm | |
| 225 | 2 | @a17幸福8@A17 xing fu 8 |
| 300 | @a万叶文化 | |
| 314 | @a梁龙蜀, 畅销书《二三十岁, 开间幸福小店》、《不上班的理想生活》作者, 现创办龙门院·冥想空间, 致力于个人内在成长。 | |
| 330 | @a本书内容包括: 意愿 你准备好了吗 ; 没有钱做帆 梦想无法起航 ; 项目管理教你如何筹备一家店 ; 酒香也怕巷子深 ; 我的咖啡我做主 ; 行动之前先来预防针 ; 彷徨时想想为什么坚持到了现在等。 | |
| 410 | 0 | @12001 @a17幸福8 |
| 606 | 0 | @a随笔@Asui bi@x作品集@y中国@z当代 |
| 690 | @aI267.1@v5 | |
| 701 | 0 | @a梁龙蜀@Aliang long shu@4著 |
| 801 | 0 | @aCN@c20200529 |
| 905 | @a河南城建学院图书馆@dI267.1@eL408 | |
| 二三十岁, 开间幸福小店/梁龙蜀著.-成都:四川人民出版社,2020.05 |
| 281页:彩图;21cm.-(17幸福8) |
| 万叶文化 |
| ISBN 978-7-220-11831-9:CNY58.00 |
| 本书内容包括: 意愿 你准备好了吗 ; 没有钱做帆 梦想无法起航 ; 项目管理教你如何筹备一家店 ; 酒香也怕巷子深 ; 我的咖啡我做主 ; 行动之前先来预防针 ; 彷徨时想想为什么坚持到了现在等。 |
| ● |
| 相关链接 |
|
|
|
正题名:二三十岁, 开间幸福小店
索取号:I267.1/L408
 
预约/预借
| 序号 | 登录号 | 条形码 | 馆藏地/架位号 | 状态 | 备注 |
| 1 | 1489796 | 214897968 | 文学库116/116文学库 10排2列3层/ [索取号:I267.1/L408] | 在馆 | |
| 2 | 1489797 | 214897977 | 文学库116/116文学库 10排2列3层/ [索取号:I267.1/L408] | 在馆 |